Statistics for Top 20 Sweet Potato Producing Countries

Click here to take the quiz!

General Stats

  • This quiz has been taken 25 times
  • The average score is 13 of 20

Answer Stats

% of Top 20Answer% Correct
61.27%China
100%
0.95%Brazil
92%
1.36%India
83%
2.13%Indonesia
83%
0.88%Japan
83%
1.71%USA
83%
1.65%Vietnam
79%
2.07%Ethiopia
75%
1.05%Kenya
75%
4.89%Nigeria
75%
4.62%Tanzania
71%
2.30%Uganda
71%
1.98%Angola
58%
1.47%Rwanda
58%
1.21%Burundi
54%
1.31%Madagascar
42%
6.96%Malawi
42%
0.88%Papua New Guinea
33%
0.65%Cuba
21%
0.66%North Korea
13%

Score Distribution

Percentile by Number Answered

Percent of People with Each Score

Your Score History

You have not taken this quiz